Famous People from Helena by Picture - Statistics

General Stats
  • This quiz has been taken 10 times
  • The average score is 6 of 41
Answer Stats
Picture Hint Answer % Correct
Actress (1905-1993) Myrna Loy
40%
Football Coach (born 1961) Bobby Petrino
30%
Musician / Baseball Player (1934-2020) Charley Pride
30%
Musician / Author (born 1974) Colin Meloy
30%
Actor (1901-1961) Gary Cooper
30%
U.S. Senator (born 1941) Max Baucus
30%
Football Coach (born 1967) Paul Petrino
30%
Army Lieutenant General (1840-1924) Samuel Baldwin Marks Young
30%
Football Coach & Player (born 1991) Matt Miller
20%
Actress (born 1954) Patricia Belcher
20%
Mayor (born 1963) Wilmot Collins
20%
Army Lt. General (1914-1989) Albert O. Connor
10%
Arizona State Senator (born 1944) Al Melvin
10%
Writer / Activist (1891-1985) Belle Fligelman Winestine
10%
Baseball Umpire (born 1974) Brian Knight
10%
Football Player (born 1985) Dan Carpenter
10%
Deputy NASA Administrator (born 1964) Dava Newman
10%
Baseball Player (born 1959) Dave Meier
10%
Entrepreneur / Angel Investor (born 1980) Dave Morin
10%
Athlete (1897-1962) Dink Templeton
10%
Actor / Author (born 1945) Dirk Benedict
10%
Navy Vice Admiral (1888-1966) Donald B. Beary
10%
Pimp (1915-1973) Dorothy Baker
10%
Football Player (1921-2014) Earle Parsons
10%
Astronaut / Professor (1926-2014) Ed Nather
10%
Baseball Player (1928-2014) Herb Plews
10%
Actor (1899-1967) Howard Freeman
10%
Musician (born 1975) Isaac Brock
10%
Actor (1884-1942) James C. Morton
10%
Prostitute / Pimp / Proprietor (1844-1899) Josephine Airey
10%
Founder of Scientology / Author (1911-1986) L. Ron Hubbard
10%
Venture Capitalist / Podcaster / Journalist (born 1975) Molly Wood
10%
Mixed Martial Artist (born 1995) Montana De La Rosa
10%
Singer (1952-1997) Nicolette Larson
10%
Football Player (born 1953) Pat Donovan
10%
Mixed Martial Artist (born 1994) Sean O'Malley
10%
Catholic Priest / Boxer (1963-2014) Stuart Long
10%
Irish Nationalist / Army Brigadier General (1823-1867) Thomas Francis Meagher
10%
U.S. Senator (1859-1933) Thomas J. Walsh
10%
Rodeo Cowboy (born 1990) Ty Erickson
10%
Vaudevillian (1894-1967) Will Mahoney
10%
No matching quizzes found
Score Distribution
Percent of People with Each Score
Percentile by Number Answered
Your Score History
You have not taken this quiz